Statistiques concernant Stations du réseau de Tramway de Lyon (France)

Cliquez ici pour prendre le quiz!

Statistiques générales

  • Ce quiz a été pris 311 fois
    (262 depuis la dernière actualisation)
  • Le résultat moyen est 53 sur 121

Statistiques - réponses

Réponse% Correct
Perrache
88%
Debourg
79%
Gare Part Dieu - Vivier Merle
79%
Gare Part Dieu - Villette
78%
Jean Macé
76%
La Doua - Gaston Berger
72%
Europe - Université
70%
Hôtel de Région - Montrochet
70%
Guillotière - Gabriel Péri
69%
Jet d'Eau - Mendès France
69%
Saint Priest - Bel Air
69%
Saint Priest - Hôtel de Ville
69%
Grange Blanche
67%
Charpennes - Charles Hernu
66%
Hôtel de Ville - Bron
61%
IUT Feyssine
60%
Musée des Confluences
60%
Université Lyon 1
60%
Sainte Blandine
58%
Vaulx en Velin - la Soie
57%
Part Dieu - Auditorium
56%
Le Tonkin
53%
Parilly - Université Hippodrome
53%
Centre Berthelot - Science Po Lyon
52%
Gare de Vénissieux
52%
Halle Tony Garnier
52%
Place des Archives
52%
Décines - Grand Large
51%
Route de Vienne
51%
Archives Départementales
49%
Condorcet
49%
Décines - Centre
49%
Etats Unis - Viviani
49%
Bachut - Mairie du 8eme
48%
Collège Bellecombe
48%
Etats Unis - Musée Tony Garnier
48%
Mermoz - Californie
48%
Mermoz - Moselle
48%
Mermoz - Pinel
48%
Gare de Villeurbanne
47%
Hôpital Feyzin Vénissieux
47%
Meyzieu - Les Panettes
47%
Eurexpo
46%
INSA - Einstein
46%
Lycée Colbert
46%
ENS Lyon
45%
Meyzieu Z.I.
45%
Quai Claude Bernard
45%
Saxe - Préfecture
45%
Ambroise Paré
44%
Garibaldi - Berthelot
44%
Liberté
44%
Manufacture - Montluc
44%
Thiers - Lafayette
44%
Villon
43%
Desgenettes
41%
Rue de l'université
41%
Bel Air - Les Brosses
40%
Dauphiné - Lacassagne
40%
Essarts - Iris
40%
Vénissy
40%
Porte des Alpes
39%
Essarts - Laënnec
38%
Jean XXIII - Maryse Bastié
37%
Lycée Lumière
37%
Les Alizés
36%
Boutasse - Camille Rousset
35%
Croix Luizet
35%
Rebufer
34%
Meyzieu Gare
33%
Palais de Justice - Mairie du 3eme
33%
Saint André
33%
Vinatier
32%
Beauvisage - Préssensé
31%
Parc du Chêne
31%
Reconnaissance - Balzac
30%
Joliot Curie - Marcel Sembat
27%
Decines OL Vallée
25%
Parc Technologique
24%
Lycée Jean Paul Sartre
23%
Marcel Houël - Hôtel de Ville
23%
Professeur Beauvisage - CISL
23%
Salvador Allende
23%
Moulin à Vent
22%
Esplanade des Arts
21%
De Tassigny - Curial
19%
Alfred de Vigny
18%
Cordière
18%
Hôpitaux Est - Pinel
18%
La Borelle
18%
Lycée Jacques Brel
18%
Petite Guille
18%
Croizat - Paul Bert
16%
Darnaise
16%
Grange Rouge - Santy
16%
Hauts de Feuilly
16%
Jules Ferry
16%
Division Leclerc
15%
Challemel Lacour - Artillerie
14%
Herriot - Cagne
13%
Lénine - Corsière
13%
Maurice Thorez
11%

Distribution des résultats

Percentile par nombre de réponses

% des personnes avec chaque résultat

Votre développement - résultats

Vous n’avez pas pris ce quiz depuis la dernière actualisation